00572nam a2200133Ia 4500008004100000020001400041040004400055100003300099245008400132260003000216300003100246500014600277999001500423180412s9999||||xx |||||||||||||| ||und|| a404552293 aAhmadu Bello University Library - Zaria aBlankenship, Albert Silvenus 4aThe accessibility of rural school-houses in Texas.cAlbert Silvenus Blankenship aNew YorkbAMS Pressc1972 a62p., diagr., maps, table. aReprint of the ed. published as the author's thesis, New York: Teachers College, ColumbiaUniversity, 1926. Includes bibliographical footnotes c6792d6792